Quizzes
Events
Quiz Creation
Community
Videos
Private Events
Remove Ads
Sign In
Join for FREE
Feedback
Dark Mode
Quiz Categories
Sports
Geography
Music
Movies
Television
Just For Fun
Miscellaneous
History
Literature
Language
Science
Gaming
Entertainment
Religion
Holiday
For Kids
Quiz Lab
Recent
Popular Today
Quiz Kudos Today
Editor Picks
Curator Picks
Quizzes by...
Day
Popularity
Type
Ratings
Length
Year
Community
Subscriptions
Recent Discussions
Orange Saloon
Badges
Playlists
Quests
Create
Leaderboards
Showdown
Live 5
Trivia Bingo
Activity
Puzzle Library
Sporcle Events
Private Events
Virtual Trivia
Globe League
Become a Host
Pub Owners
SporcleCon
Opinionation
Our Games
Videos
Blog
Mobile Apps
Partnerships
Remove Ads and Go Orange
Feedback
Geography
Country
Landmarks
City
State
Population
World
Capital
Continent
Flags
Europe
Africa
Asia
South America
North America
Oceania
Border
Canada
United Kingdom
Topography
United States
Geography
Country
Landmarks
City
State
Population
World
Capital
Continent
Flags
Europe
Africa
Asia
South America
North America
Oceania
Border
Canada
United Kingdom
Topography
United States
Random Quiz
Search Sporcle
×
Quiz Lab
Quiz Lab
Geography
counties
Type in answers that appear in a list
Type in answers that appear in a list
Classic
Best Score? Go Orange.
2-digit Arizona Interstate Counties Stats
Can you name the 2-digit Interstate Counties of Arizona?
By
basketm19
60s
19 Questions
91 Plays
91 Plays
91 Plays
Comments
Comments
Give Quiz Kudos
Give Quiz Kudos
-
- Ratings
hide this ad
Replay
Link that replays current quiz
Next Quiz
Link to next quiz in quiz playlist
You Got
0%
They Got
Avg Score
79%
Avg Friend Score
Upgrade to see
Score Distribution
Jump to the score distribution portion of the page
Score
0/19
Timer
01:00
0
Plays Today
Interstate
County
% Correct
I-
8
Maricopa
97.8%
I-
10
Maricopa
97.8%
I-
17
Maricopa
97.8%
I-
10
Pima
87.9%
I-
19
Pima
87.9%
I-
8
Pinal
83.5%
I-
10
Pinal
83.5%
I-
8
Yuma
81.3%
I-
17
Coconino
78%
I-
40
Coconino
78%
Interstate
County
% Correct
I-
10
Cochise
73.6%
I-
40
Navajo
72.5%
I-
15
Mohave
70.3%
I-
17
Yavapai
70.3%
I-
40
Mohave
70.3%
I-
40
Yavapai
70.3%
I-
40
Apache
70.3%
I-
19
Santa Cruz
69.2%
I-
10
La Paz
68.1%
Quiz Playlist
Details
Report
Send in Message
Add To Playlist
Classic:
Type in answers that appear in a list
Last Updated: Feb 16, 2017
Quiz Scoreboard
CHALLENGE
Sign Up to Join the Scoreboard
Show All
Scores
Hide
Comments
May contain spoilers
Recently Published
9x9 Crossword: Cartoon Network
by jackfrog10
Miscellaneous
3m
College Basketball Coaching Resumes
by pancakes188
Sports
9m
Billboard Blitz: Fleetwood Mac
by CooCooCachoo
Music
15s
More to Explore
Quiz From the Vault
Featured Blog Post
Where Did the Easter Bunny Come From?
hide this ad
You Might Also Like...
Tags
Arizona
counties
Today's Top Quizzes in Geography
Browse Geography
hide this ad
Today's Top Quizzes in counties
Browse counties
Top Contributed Quizzes in Geography
1
Countries of the World - No Outlines Minefield
2
Top 25 Cities of France on a map
3
Any capital of a 'B' country per Continent
4
Any capital of a 'C' country per Continent
5
Closest Countries to UK A-Z
6
Any capital of a 'D' country per Continent
7
5-to-1: US Geography No Hints
8
Any capital of an 'E' country per Continent
9
Find the US States - No Outlines
10
Any capital of an 'F' country per Continent
Explore More
Trending Topics
Kpop
Anime
NBA
Crossword
Harry Potter
Disney
Marvel
Soccer
WWE
The Office
Country
Song
NFL
Pokémon
Puzzle
hide this ad
More By:
basketm19
Quiz
Plays
Rating
Category
Featured
Created
2-digit Georgia's Interstate Counties
699
4.20
Geography
Mar 8, 2010
Georgia's Most Populated Counties
693
3.67
Geography
Mar 4, 2010
Tennessee's Largest Cities
688
5.00
Geography
Jan 8, 2010
2-digit Ohio Interstate Counties
511
4.33
Geography
Jun 6, 2010
North Carolina's most populous counties
507
3.00
Geography
Mar 5, 2010
Go to Creator's Profile
Score Distribution
Quiz Creator Spotlight
basketm19
Follow
Send a Message
Quizzes Created
-
Created Quiz Play Count
-
More By This Creator
Popular Quizzes Today
1
Find the US States - No Outlines Minefield
2
Find the Countries of Europe - No Outlines Minefield
3
The Countries of the World
4
Find the US States
5
Risky Map Clicking: Biggest States A-Z
6
US States
7
Popular People in 1961
8
Movies - When Are They Set?
More Geography Quizzes
Prove You Aren't a Robot - 'S' Countries of Africa
Quiz Lab
Trending Quizzes
Risky Map Clicking: Least Populous States A-Z
1-10 Letter G Words
1-10 Letter F Words
Risky Map Clicking: Next State Alphabetically
Adjectives in 80s TV Shows
Recently Updated
Leaping Animals
pecheneg
Reality TV Shows (A-Z)
bhenderson79
Rickey Henderson's Hall of Fame Teammates
pecheneg
Champions League XIs: Arsenal
pecheneg
Quick Pick: Celebrities in WWE's Hall of Fame
aduchscher
A-Z Keypad Blitz II
pecheneg
Multiple Oscar Actors
pecheneg
Mystery Phrase Blitz: Oscar 'Best Actors'
pecheneg
F. Scott Fitzgerald Novels
LTH
Pick 3 Villains
ddd62291
Trending Topics
Disney
Anime
Kpop
Marvel
Crossword
NBA
Harry Potter
Soccer
The Office
WWE
Song
Pokémon
Puzzle
Country
NFL
Your Account Isn't Verified!
In order to create a playlist on Sporcle, you need to verify the email address you used during registration. Go to your
Sporcle Settings
to finish the process.
Report this User
Report this user for behavior that violates our
Community Guidelines
.
Details:
Send Report
Go to the Sporcle.com Mobile Site →
Comments